000 00503nam a2200181Ia 4500
001 3860
005 20260306145714.0
008 260306t1996||||xx |||||||||||||| ||spa||
041 _aESP
082 _a303.69
_bB24
100 _aBaruch Bush, Robert A.
_eAUT
245 0 _aLa promesa de la mediación:
_bcómo afrontar el conflicto mediante la revalorización y el reconocimiento
260 _c1996
300 _a416 páginas :
_c23 cm.
650 _aGEN
654 _aCHU
942 _cLIB
_dJUS
_fJUS
_2ddc
_n
999 _c3860
_d3860